000 00595nam a2200229 i 4500
001 C2-0004301
003 PPAK
005 20190630221819.0
008 970123s1988 my |||| ||||| | may d
040 _aPPAK
_beng
_cPPAK
_erda
082 0 4 _a297.124
_223
090 0 0 _a297.124
_bANN
_dG
100 1 _aAn-Namr, Abdul Mun`im,
_eauthor
245 1 0 _aMeniti cahaya sunnah
264 1 _aKuala Lumpur :
_bDarulfikir ,
_c1988
300 _a48 pages ;
_c18 cm
336 _2rdacontent
_atext
337 _2rdamedia
_aunmediated
338 _2rdacarrier
_avolume
650 1 0 _aHadith
942 _ddc
_cB
999 _c1019
_d1019